• 首页
  • 本馆介绍
  • 公告通知
  • 最新文献
  • 馆藏检索
  • 电子资源
  • 读者导购
  • 参考咨询
  • 我的图书馆
  • 登录
  • 详细信息显示
  • 放入我的书架
  • 预约/预借图书
  • 作者相关作品
  • 分类相关作品
  • 丛书相关作品
  • 出版社相关作品

书目信息

  • 表格格式
  • 工作单格式
  • 卡片格式
题名:
军绅政权
    
 
作者: 陈志让 著
分册:  
出版信息:   三联书店  1980.9
页数: 169页
开本: 20cm
丛书名:
单 册:
中图分类: K258.07
科图分类:
主题词: 中国--历史--1840~1949
电子资源:
ISBN:
000 00538nam0 2200193 45
001 0312221749
005 20060925083342.53
010    @dCNY0.55
091    @a11002.558
100    @a20031222d1980 km y0chiy0120 ea
101    @achi
200 1  @a军绅政权@AJun Shen Zheng Quan@f陈志让著@FChen Zhi Rang Zhu@e近代中国的军阀时期
210    @c三联书店@d1980.9
215    @a169页@d20cm
606 0  @a中国@x历史@z1840~1949
690    @aK258.07@v3
701 0  @a陈志让@4著
801    @aCN@bTSTCL@c20060925
905    @dK258.07@e42@f5@b176983-987
    
    军绅政权/陈志让著:近代中国的军阀时期.-三联书店,1980.9
    169页;20cm
    
    
    ISBN :CNY0.55
    
●
相关链接 在E读中查询图书 在五车中查询图书 在当当中查询图书 在豆瓣中查询图书


正题名:军绅政权     索取号:K258.07/42         预约/预借

序号 登录号 条形码 馆藏地/架位号 状态 备注
1 0176983   001293683   密集书库/ [索取号:K258.07/42] 在馆    
2 0176984   001293674   密集书库/ [索取号:K258.07/42] 在馆    
3 0176985   001293656   第二借阅区/ [索取号:K258.07/42] 在馆    
4 0176986   001293727   密集书库/ [索取号:K258.07/42] 在馆    
5 0176987   001293610   密集书库/ [索取号:K258.07/42] 在馆    
6 0176988   001293665   第二样本阅览室/ [索取号:K258.07/42] 在馆    
7 0422805   204228059   密集书库/ [索取号:K258.07/42] 在馆    
唐山师范学院图书馆 欢迎您!
大连网信软件有限公司© 版权所有